|
|
|
|
| LEADER |
00000nam0a2200000 4500 |
| 001 |
316047 |
| 005 |
20231102002833.0 |
| 020 |
|
|
|a RU
|b 82-56978
|
| 035 |
|
|
|a (RuTPU)RU\TPU\book\341484
|
| 090 |
|
|
|a 316047
|
| 100 |
|
|
|a 20160314d1982 km y0rusy5003 ca
|
| 101 |
0 |
|
|a rus
|
| 102 |
|
|
|a UA
|
| 105 |
|
|
|a a z 001zy
|
| 200 |
1 |
|
|a Методика сопряженного морфоструктурного анализа и ее применение в нефтегазопоисковых целях
|f Академия наук Украинской ССР (АН УССР), Морской гидрофизический институт ; сост. Н. Г. Волкова
|
| 210 |
|
|
|a Киев
|c Наукова думка
|d 1982
|
| 215 |
|
|
|a 40 с.
|e Прилож. : 2 л. карт.
|c ил.
|
| 320 |
|
|
|9 572
|a Библиогр.: с. 39
|
| 606 |
1 |
|
|a Нефтегазоносность
|x Поиски и разведка
|x Геоморфологический метод
|2 stltpush
|3 (RuTPU)RU\TPU\subj\45613
|9 64806
|
| 610 |
1 |
|
|a нефтяные месторождения
|
| 610 |
1 |
|
|a газовые месторождения
|
| 610 |
1 |
|
|a морфоструктурный анализ
|
| 610 |
1 |
|
|a сопряженный анализ
|
| 610 |
1 |
|
|a методика
|
| 610 |
1 |
|
|a размещение
|
| 675 |
|
|
|a 553.98:550.81
|z rus
|v 3
|
| 702 |
|
1 |
|a Волков
|b Н. Г.
|4 220
|
| 712 |
0 |
2 |
|a Академия наук Украинской ССР (АН УССР)
|b Морской гидрофизический институт
|c (1936-1991)
|2 stltpush
|3 (RuTPU)RU\TPU\col\332
|
| 801 |
|
0 |
|a RU
|b RuMRKP
|c 19950704
|g psbo
|
| 801 |
|
1 |
|a RU
|b 63413507
|c 20160314
|
| 801 |
|
2 |
|a RU
|b 63413507
|c 20200611
|g RCR
|
| 942 |
|
|
|c BK
|